Statistics for Rockabye - Clean Bandit Feat. Sean Paul & Anne-Marie - All Lyrics

Click here to take the quiz!

General Stats

  • This quiz has been taken 52 times
  • The average score is 398 of 527

Answer Stats

Answer% Correct
a
98%
baby
98%
baby,
98%
(Bada-bang,
98%
bang-bang,
98%
Inna
98%
rock
98%
rocka-rocka,
98%
by
96%
do
96%
do"
96%
Rockabye,
96%
Rockabye
96%
rockabye)
96%
rockabye
96%
(Rockabye,
96%
rockabye,
96%
rocka-bye
96%
(Rockabye)
96%
the
96%
don't
93%
she
93%
She
93%
So
93%
so
93%
So,
93%
ya
93%
yo
93%
you,
93%
you
93%
you"
93%
You
93%
gon'
91%
gonna
91%
He
91%
he
91%
I
91%
love
91%
Mm,
91%
cry
89%
got
89%
her
89%
I’m
89%
I'm
89%
No
89%
(No,
89%
no,
89%
no)
89%
no
89%
oh)
89%
(Oh
89%
"Ooh,
89%
to
89%
hurt
87%
my
87%
on
87%
one
87%
what
87%
ever
85%
give
85%
of
85%
When
85%
when
85%
your
85%
"Your
85%
All
83%
all
83%
him,
83%
him
83%
work
83%
She’s
80%
tells
80%
for
78%
From
78%
good
78%
life
78%
like
78%
one's
78%
works
78%
and
76%
And
76%
have
74%
Nobody
74%
water
74%
ain't
72%
be
72%
nothin'
72%
Somebody’s
72%
wants
72%
you're
72%
You're
72%
away
70%
daughter
70%
far
70%
father's
70%
I've
70%
Just
70%
just
70%
Tryin'
70%
keep
67%
Somebody's
67%
(Yeah)
67%
(Yeah,
67%
yeah,
67%
yeah)
67%
grow
65%
is
65%
know
65%
nights
65%
save
65%
six-year-old
65%
eye
63%
in
63%
matters
63%
eyes
61%
out
61%
cold
59%
looks
59%
says
59%
mama,
57%
mom,
57%
own,
57%
Now
54%
safe
54%
warm
54%
there?
52%
up
52%
year
52%
will
50%
fee
48%
come
46%
come,
46%
it
43%
any
41%
time,
41%
time
41%
find
39%
astray,
37%
care
35%
'Cause
35%
‘Cause
35%
non-stop,
35%
prepared
35%
then)
35%
doin'
33%
Facing
33%
fear
33%
flow
33%
gone
33%
Single
33%
disappear
30%
hard
30%
never
30%
obstacle
30%
school
30%
that
30%
without
30%
after
28%
really
28%
compare
26%
his
26%
nowhere
26%
sky,
24%
sky
24%
tear
24%
bar,
22%
bus
22%
head,
22%
how
22%
shed
22%
things
22%
Angels
20%
bother
20%
can't
20%
dear
20%
fare
20%
Lift
20%
lift
20%
pops
20%
well
20%
alright
17%
beyond
17%
dry
17%
Steadily
17%
surround
15%
heavily,
13%
youth
13%
already
11%
rum
11%

Score Distribution

Percentile by Number Answered

Percent of People with Each Score

Your Score History

You have not taken this quiz